Análisis de la doctrina judicial respecto de la relación entre consumo de alcohol y accidente de trabajo / (Record no. 173543)
[ view plain ]
| 000 -LEADER | |
|---|---|
| campo de control de longitud fija | 01147 am a2200277 4500 |
| 001 - NÚMERO DE CONTROL | |
| campo de control | 173543 |
| 003 - IDENTIFICADOR DE NÚMERO DE CONTROL | |
| campo de control | ES-MaACL |
| 005 - FECHA Y HORA DE LA ÚLTIMA TRANSACCIÓN | |
| campo de control | 20230906215252.0 |
| 008 - DATOS DE LONGITUD FIJA--INFORMACIÓN GENERAL | |
| campo de control de longitud fija | 091207s2008 sp a | |||||||| | spa d ..| |
| 015 ## - NÚMERO DE BIBLIOGRAFÍA NACIONAL | |
| Número de bibliografía nacional | MON0902 |
| 020 ## - NÚMERO INTERNACIONAL ESTÁNDAR DEL LIBRO | |
| Número Internacional Estándar del Libro | 978-84-935468-9-2 |
| 040 ## - FUENTE DE CATALOGACIÓN | |
| Centro catalogador/agencia de origen | SpMaBN |
| Lengua de catalogación | spa |
| Centro/agencia transcriptor | SpMaBN |
| Normas de descripción | rdc |
| 080 ## - NÚMERO DE LA CLASIFICACIÓN DECIMAL UNIVERSAL | |
| Número de la Clasificación Decimal Universal | 349.243(460):331.446.2:613.81 |
| 080 ## - NÚMERO DE LA CLASIFICACIÓN DECIMAL UNIVERSAL | |
| Número de la Clasificación Decimal Universal | 349.3(460):369.231.2 |
| 100 1# - ENTRADA PRINCIPAL--NOMBRE DE PERSONA | |
| Nombre de persona | Bandrés Hernández, Sara. |
| 9 (RLIN) | 141743 |
| 245 10 - MENCIÓN DEL TÍTULO | |
| Título | Análisis de la doctrina judicial respecto de la relación entre consumo de alcohol y accidente de trabajo / |
| Mención de responsabilidad, etc. | Sara Bandrés Hernández, Marta Arroyo González. |
| 260 ## - PUBLICACIÓN, DISTRIBUCIÓN, ETC. | |
| Lugar de publicación, distribución, etc. | [Madrid] : |
| Nombre del editor, distribuidor, etc. | Ademas, Comunicación Gráfica, |
| Fecha de publicación, distribución, etc. | [2008] |
| 300 ## - DESCRIPCIÓN FÍSICA | |
| Extensión | 94 p. : |
| Otras características físicas | il. col., gráf. ; |
| Dimensiones | 24 cm. |
| 490 1# - MENCIÓN DE SERIE | |
| Mención de serie | Colección Docencia universitaria. Serie derecho, salud y cultura |
| 650 #4 - PUNTO DE ACCESO ADICIONAL DE MATERIA--TÉRMINO DE MATERIA | |
| Término de materia o nombre geográfico como elemento de entrada | Trabajadores- |
| Subdivisión general | Consumo de alcohol- |
| Subdivisión geográfica | España. |
| 9 (RLIN) | 141744 |
| 650 #4 - PUNTO DE ACCESO ADICIONAL DE MATERIA--TÉRMINO DE MATERIA | |
| Término de materia o nombre geográfico como elemento de entrada | Accidentes de trabajo- |
| Subdivisión de forma | Jurisprudencia- |
| Subdivisión geográfica | España. |
| 9 (RLIN) | 141745 |
| 700 1# - ENTRADA AGREGADA--NOMBRE PERSONAL | |
| Nombre de persona | Arroyo González, Marta. |
| 9 (RLIN) | 141746 |
| 830 0# - PUNTO DE ACCESO ADICIONAL DE SERIE-TÍTULO UNIFORME | |
| Título uniforme | Colección Docencia universitaria. Serie derecho, salud y cultura |
| 9 (RLIN) | 223563 |
| 852 ## - LOCALIZACIÓN | |
| Ubicación | ES-MaACL |
| Número de control de estantería | C-31060 |
| Estatus retirado | Estado de pérdida | Estado de daño | No para préstamo | Biblioteca de origen | Biblioteca actual | Ubicación en estantería | Fecha de adquisición | Fuente de adquisición | Total de préstamos | Signatura topográfica completa | Código de barras | Visto por última vez | Precio de reemplazo | Tipo de ítem Koha |
|---|---|---|---|---|---|---|---|---|---|---|---|---|---|---|
| Biblioteca del Ateneo de Madrid | Biblioteca del Ateneo de Madrid | Depósito 2 | 07/12/2009 | C-31060 | 1182122 | 23/02/2023 | 23/02/2023 | Libro impreso |
